Länder der Welt in alphabetischer Reihenfolge - Statistiken

Allgemein
  • Dieses Quiz wurde 144 mal gespielt
  • Das Durchschnittsergebnis liegt bei 52 aus 196
Antwortstatistiken
Antwort % Korrekt
Afghanistan
83%
Albanien
69%
Ägypten
65%
Andorra
60%
Algerien
58%
Armenien
58%
Aserbaidschan
58%
Antigua und Barbuda
55%
Angola
54%
Zypern
54%
Äthiopien
52%
Argentinien
51%
Australien
48%
Bahrain
46%
Barbados
46%
Belgien
45%
Chile
43%
Bahamas
42%
Bangladesch
42%
China
42%
Deutschland
42%
Belize
40%
Bolivien
40%
Dänemark
40%
Äquatorialguinea
38%
Benin
38%
Brasilien
38%
Bulgarien
38%
Costa Rica
38%
Dschibuti
38%
Belarus
37%
Burundi
37%
Dominica
37%
Bosnien und Herzegowina
35%
Dominikanische Republik
35%
Eritrea
35%
Estland
35%
Finnland
35%
Frankreich
35%
Honduras
35%
Zentralafrikanische Republik
35%
Botswana
34%
Burkina Faso
34%
Fidschi
34%
Haiti
34%
Vereinigte Staaten
34%
Bhutan
32%
Brunei
32%
Gambia
32%
Ghana
32%
Griechenland
32%
Irland
32%
Israel
32%
Ecuador
31%
Elfenbeinküste
31%
Guinea
31%
Indonesien
31%
Island
31%
Vereinigtes Königreich
31%
El Salvador
29%
Eswatini
29%
Gabun
29%
Guatemala
29%
Guinea-Bissau
29%
Indien
29%
Irak
29%
Iran
29%
Italien
29%
Japan
29%
Jemen
29%
Vereinigte Arabische Emirate
29%
Grenada
28%
Jordanien
28%
Lettland
28%
Libanon
28%
Oman
28%
Usbekistan
28%
Georgien
26%
Guyana
26%
Kamerun
26%
Kasachstan
26%
Kenia
26%
Laos
26%
Liberia
26%
Litauen
26%
Venezuela
26%
Jamaika
25%
Lesotho
25%
Libyen
25%
Mali
25%
Namibia
25%
Nordmazedonien
25%
Norwegen
25%
Uruguay
25%
Vietnam
25%
Demokratische Republik Kongo
23%
Malawi
23%
Marokko
23%
Monaco
23%
Mosambik
23%
Neuseeland
23%
Österreich
23%
Osttimor
23%
Portugal
23%
Ukraine
23%
Vatikanstadt
23%
Katar
22%
Malaysia
22%
Malta
22%
Mauretanien
22%
Nauru
22%
Niederlande
22%
Nordkorea
22%
Panama
22%
Tschechien
22%
Türkei
22%
Turkmenistan
22%
Uganda
22%
Ungarn
22%
Vanuatu
22%
Kanada
20%
Kirgisistan
20%
Liechtenstein
20%
Mexiko
20%
Moldawien
20%
Nicaragua
20%
Niger
20%
Nigeria
20%
Paraguay
20%
Polen
20%
Ruanda
20%
Tadschikistan
20%
Tansania
20%
Tuvalu
20%
Kambodscha
18%
Kap Verde
18%
Kolumbien
18%
Kosovo
18%
Kroatien
18%
Kuba
18%
Kuwait
18%
Luxemburg
18%
Madagaskar
18%
Mauritius
18%
Montenegro
18%
Pakistan
18%
Palau
18%
Philippinen
18%
Russland
18%
Kiribati
17%
Komoren
17%
Mongolei
17%
Myanmar
17%
Nepal
17%
Papua-Neuguinea
17%
Peru
17%
Rumänien
17%
Senegal
17%
Südafrika
17%
Tonga
17%
Trinidad und Tobago
17%
Tschad
17%
Marshallinseln
15%
Sambia
15%
Saudi-Arabien
15%
Sudan
15%
Südsudan
15%
Syrien
15%
Taiwan
15%
Thailand
15%
Malediven
14%
Mikronesien
14%
San Marino
14%
São Tomé und Príncipe
14%
Schweden
14%
Somalia
14%
Spanien
14%
St. Lucia
14%
St. Vincent und die Grenadinen
14%
Südkorea
14%
Togo
14%
Tunesien
14%
Schweiz
12%
Serbien
12%
Sierra Leone
12%
Simbabwe
12%
St. Kitts und Nevis
12%
Suriname
12%
Salomonen
11%
Samoa
11%
Slowakei
11%
Slowenien
11%
Sri Lanka
11%
Republik Kongo
9%
Seychellen
9%
Singapur
9%
Keine übereinstimmenden Quizze gefunden
Verteilung der Resultate
Anzahl Personen mit jedem Resultat
Perzentil nach korrekt beantworteten Fragen
Ihre Resultats-Entwicklung
Sie haben dieses Quiz noch nicht gespielt